000 00879nam a2200289Ia 4500
001 13352
003 IT-RoPAU
008 130308s9999 xx 000 0 und d
040 _aIT-RoPAU
040 _cIT-RoPAU
041 _aITALIANO
100 _aLambruschini Ferdinando
100 _gCodice Aut. SPICS: 4909
245 _aAspetti morali del cinema alla luce del decreto conciliare sugli strumenti della comunicazione sociale
245 _bRealta' Cristiana nell'epoca degli Audiovisivi (La)
250 _a1a ed.
260 _aROMA
260 _bUfficio Nazionale Spettacolo
260 _c1967 [1° Ed.:1967 - Ed.Ling.Originale:1964]
300 _a"6 p. (prefazione: no ; testo: 6 [pagine: 11-16])"
650 _aCONVEGNI/MANIFESTAZIONI PASTORALE D.CS
650 _eCodice materia Spics: 9315
942 _cBK
957 _71
999 _c64579
_d64579
999 _bSI
999 _g1